Bilecik Bilecik Bilecik Bilecik Bilecik

Avrupa Birliği fonları için proje nasıl hazırlanır? = (Record no. 764)

MARC details
000 -BAŞLIK
Sabit Uzunluktaki Kontrol Alanı 00936nam a22003137a 4500
001 - KONTROL NUMARASI
Control Dosyası 0000766
003 - KONTROL NUMARASI KİMLİĞİ
Kontrol Alanı KOHA_MİRAKIL
005 - EN SON İŞLEM TARİHİ ve ZAMANI
Kontrol Alanı 20260207001219.0
007 - FİZİKSEL TANIM SABİT ALAN - GENEL BİLGİ
Sabit uzunluklu kontrol alanı ta
008 - SABİT UZUNLUKTAKİ VERİ ÖGELERİ - GENEL BİLGİ
Sabit Alan 081212b2008 tu |||gr||||#||||0|tur |
020 ## - ISBN - ULUSLARARASI STANDART KİTAP NUMARASI
Isbn 9750206597
Kullanılabilirlik koşulları YTL20,190000000000001
040 ## - KATALOGLAMA KAYNAĞI
Özgün Kataloglama Kurumu TR-BiSEU
Kataloglama Dili tur
Çeviri Kurumu TR-BiSEU
Açıklama Kuralları rda
041 0# - DİL KODU
Metin ya da ses kaydının dil kodu tur
044 ## - YAYINLAYAN/ÜRETEN KURULUŞUN ÜLKE KODU
ISO country code tu
050 ## - SINIFLAMA ve YER NUMARASI
Sınıflama Numarası HD69
Yer Numarası .K39 2008
100 1# - KİŞİ ADI
Yazar Adı (Kişi adı) Kaya, Salih.
240 10 - TEK BİÇİM BAŞLIK
Tekbiçim Başlık <a href="project cycle management">project cycle management</a>
Language of a work Türkçe
245 1# - ESER ADI BİLDİRİMİ
Başlık Avrupa Birliği fonları için proje nasıl hazırlanır? =
Alt Eseradı vb. project cycle management/
Sorumluluk Bildirimi Salih Kaya ; Salih Kaya.
250 ## - BASIM BİLDİRİMİ
Basım Bildirimi 2.bs.
264 #1 - ÜRERİM, YAYIN, DAĞITIM ve TELİF BİLDİRİMİ
Yayın yeri Ankara :
Yayınlayan Seçkin
Yayın tarihi 2008
300 ## - FİZİKSEL TANIMLAMA
Sayfa, Cilt vb. 258 sayfa
336 ## - İÇERİK TÜRÜ
Content type term metin
Content type code txt
Source rdacontent
337 ## - MEDYA TÜRÜ
Media type term aracısız
Media type code n
Source rdamedia
338 ## - TAŞIYICI TÜRÜ
Carrier type term cilt
Carrier type code nc
Source rdacarrier
650 #0 - KONU BAŞLIĞI EK GİRİŞ - KONU TERİMİ
Konusal terim veya coğrafi ad Proje yönetimi--Finans.
9 (RLIN) 3225
650 #0 - KONU BAŞLIĞI EK GİRİŞ - KONU TERİMİ
Konusal terim veya coğrafi ad Araştırma metodları.
9 (RLIN) 3226
650 #0 - KONU BAŞLIĞI EK GİRİŞ - KONU TERİMİ
Konusal terim veya coğrafi ad Proje yönetimi.
9 (RLIN) 1677
942 ## - EK GİRİŞ ÖGELERİ (KOHA)
Source of classification or shelving scheme Library of Congress Classification
Koha item type Book
Holdings
Materyal Türü Kalıcı Konum Mevcut Konum Raf Yeri Sınıflandırma Kaynağı Edinim Bilgisi Ana Konular Alt Konular Yer Numarası Demirbaş Numarası Fatura Tarihi Maliyet, Alış Fiyatı Maliyet, Yenileme Fiyatı Geri Çekilme Durumu Kayıp Durumu Hasarlı Durumu Kredi için değil Kayıt Tarih Toplam Ödünçverme Son Görülme Tarihi Son Kontrol Tarihi
Book Prof. Dr. Azmi Özcan Kütüphanesi Prof. Dr. Azmi Özcan Kütüphanesi Uluğbey Salonu Library of Congress Classification Satın SOSYAL BİLİMLER Endüstriler, Arazi Kullanımı, İşgücü HD69 .K39 2008 0000766 12/12/2008 21.81 21.81         12/12/2008 2 05/12/2024 05/12/2024